Разработка системы измерения электромагнитныхпараметров материаловедческого токамака КТМ: автореферат диссертации на соискание ученой степени кандидата технических наук; спец. 05.13.06

Dades bibliogràfiques
Autor principal: Обходский А. В. Артем Викторович
Autor corporatiu: Национальный исследовательский Томский политехнический университет (ТПУ)
Altres autors: Павлов В. М. Вадим Михайлович
Sumari:Заглавие с титульного экрана
Электронная версия печатной публикации
Idioma:rus
Publicat: Томск, 2010
Matèries:
Accés en línia:http://www.lib.tpu.ru/fulltext/a/2010/57.pdf
Format: MixedMaterials Electrònic Llibre
KOHA link:https://koha.lib.tpu.ru/cgi-bin/koha/opac-detail.pl?biblionumber=187298

MARC

LEADER 00000nlm0a2200000 4500
001 187298
005 20231214152010.0
035 |a (RuTPU)RU\TPU\book\203228 
090 |a 187298 
100 |a 20101113d2010 k y0rusy50 ca 
101 0 |a rus 
102 |a RU 
105 |a a dm 001zy 
135 |a drbn ---uucaa 
181 0 |a i  
182 0 |a b 
200 1 |a Разработка системы измерения электромагнитныхпараметров материаловедческого токамака КТМ  |e автореферат диссертации на соискание ученой степени кандидата технических наук  |e спец. 05.13.06  |f А. В. Обходский  |g Национальный исследовательский Томский политехнический университет (ТПУ) ; науч. рук. В. М. Павлов 
203 |a Текст  |c электронный 
210 |a Томск  |d 2010 
215 |a 1 файл (480 Kb) 
300 |a Заглавие с титульного экрана 
300 |a Электронная версия печатной публикации 
337 |a Adobe Reader 
452 1 |0 (RuTPU)RU\TPU\book\205187  |t Разработка системы измерения электромагнитных параметров материаловедческого токамака ктм  |o автореферат диссертации на соискание ученой степени кандидата технических наук  |o спец. 05.13.06  |f А. В. Обходский  |g Национальный исследовательский Томский политехнический университет (ТПУ) ; науч. рук. В. М. Павлов  |c Томск  |d 2010  |p 22 с.  |a Обходский, Артем Викторович 
606 1 |a Токамаки  |2 stltpush  |3 (RuTPU)RU\TPU\subj\60776  |9 77999 
610 1 |a авторефераты диссертаций 
610 1 |a электронный ресурс 
610 1 |a труды учёных ТПУ 
610 1 |a измерительные системы 
610 1 |a обобщенная структура 
610 1 |a Токамаки 
610 1 |a электромагнитные параметры 
610 1 |a измерение 
610 1 |a синтез 
610 1 |a программно-аппаратные средства 
610 1 |a опытные образцы 
610 1 |a испытание 
610 1 |a экспериментальные исследования 
675 |a 621.039.62(04)  |v 3 
686 |a 05.13.06  |2 oksvnk 
700 1 |a Обходский  |b А. В.  |c специалист в области атомной энергетики  |c доцент Томского политехнического университета, кандидат технических наук  |f 1982-  |g Артем Викторович  |3 (RuTPU)RU\TPU\pers\27571 
702 1 |a Павлов  |b В. М.  |c специалист в области автоматики и электроники  |c доцент Томского политехнического университета, кандидат технических наук  |f 1965-  |g Вадим Михайлович  |3 (RuTPU)RU\TPU\pers\25738  |9 11640 
712 0 2 |a Национальный исследовательский Томский политехнический университет (ТПУ)  |c (2009- )  |3 (RuTPU)RU\TPU\col\15902 
801 2 |a RU  |b 63413507  |c 20160627  |g RCR 
856 4 |u http://www.lib.tpu.ru/fulltext/a/2010/57.pdf 
942 |c CF